Tài liệu học tập lý luận, chính trị của cán bộ, đảng viên cơ sở các tỉnh miền nam t.III A /
Сохранить в:
| Соавтор: | |
|---|---|
| Формат: | Sách giấy |
| Язык: | Vietnamese |
| Опубликовано: |
H.:
Sách giáo khoa Mác - Lê-Nin,
1978.
|
| Метки: |
Добавить метку
Нет меток, Требуется 1-ая метка записи!
|
| Thư viện lưu trữ: | Thư viện Trường Đại học Đà Lạt |
|---|
| LEADER | 00756nam a2200277 4500 | ||
|---|---|---|---|
| 001 | DLU110126413 | ||
| 005 | ##20111011 | ||
| 040 | # | # | |a DLU |b vie |
| 041 | # | # | |a vie |
| 044 | # | # | |a vn |
| 082 | # | # | |a 324.23 |b BAN |
| 110 | # | # | |a Ban tuyên huấn trung ương. |
| 245 | # | # | |a Tài liệu học tập lý luận, chính trị của cán bộ, đảng viên cơ sở các tỉnh miền nam |n t.III A / |c Ban tuyên huấn trung ương. |
| 260 | # | # | |a H.: |b Sách giáo khoa Mác - Lê-Nin, |c 1978. |
| 300 | # | # | |a 186 tr. ; |c 20.5 cm. |
| 990 | # | # | |a t.III A |
| 991 | # | # | |a SH |
| 992 | # | # | |a 75 |
| 994 | # | # | |a DLU |
| 900 | # | # | |a True |
| 911 | # | # | |a Nguyễn Huyền Anh |
| 925 | # | # | |a G |
| 926 | # | # | |a A |
| 927 | # | # | |a SH |
| 980 | # | # | |a Thư viện Trường Đại học Đà Lạt |